Statistics for The Trojan War

Click here to take the quiz!

General Stats

  • This quiz has been taken 26,280 times
  • The average score is 13 of 20

Answer Stats

QuestionAnswer% Correct
Main hero of the GreeksAchilles
94%
Beautiful woman abducted by that princeHelen
92%
Person credited with authoring the IliadHomer
88%
Body part that was not dipped in the riverHeel
85%
Prince brought in to judge a beauty contest between the goddessesParis
84%
Three goddesses who thought the apple was for themAphrodite
83%
Three goddesses who thought the apple was for themAthena
81%
Three goddesses who thought the apple was for themHera
77%
Modern-day country in which you can find the ruins of TroyTurkey
76%
Primary weapon used by soldiers in the Trojan WarSpears
72%
River that hero dipped in as a child - making him (almost) impervious to harmThe Styx
71%
Main hero of TroyHector
70%
Cunning Greek warrior who designed the Trojan HorseOdysseus
64%
The King of Mycenae and leader of the GreeksAgamemnon
61%
Goddess of Discord who threw a golden apple marked "for the fairest"Eris
46%
King of TroyPriam
42%
Trojan warrior who fled to Italy, becoming an ancestor of the ancient RomansAeneas
39%
That hero's best friend and possible loverPatroclus
39%
Deadly sin that hero was most guilty ofWrath
39%
Trojan princess who was given the gift of prophecy, but the curse that
no one would believe her
Cassandra
37%

Score Distribution

Percentile by Number Answered

Percent of People with Each Score

Your Score History

You have not taken this quiz